|
|
|
|
| LEADER |
02935nam a2200421 4500 |
| 001 |
ocn772908147 |
| 003 |
OCoLC |
| 005 |
20180501121949.0 |
| 006 |
m o d |
| 007 |
cr cn||||||||| |
| 008 |
120116s1989 ne a obf 001 0 eng d |
| 040 |
|
|
|a OPELS
|b eng
|e pn
|c OPELS
|d OCLCQ
|d OCLCF
|d OCLCO
|d OCL
|d OCLCQ
|d DEBSZ
|d FIE
|d OCLCA
|d GrThAP
|
| 020 |
|
|
|a 9780444704344
|q (electronic bk.)
|
| 020 |
|
|
|a 0444704345
|q (electronic bk.)
|
| 035 |
|
|
|a (OCoLC)772908147
|
| 050 |
|
4 |
|a HD2326
|b .H28 v.1
|
| 070 |
|
|
|a HD2326.H28 b 1989
|
| 072 |
|
0 |
|a X700
|
| 082 |
0 |
4 |
|a 338.6
|2 22
|
| 049 |
|
|
|a TEFA
|
| 245 |
0 |
0 |
|a Handbook of industrial organization.
|n Volume 1 /
|c edited by Richard Schmalensee and Robert D. Willig.
|
| 260 |
|
|
|a Amsterdam ;
|a New York :
|b North-Holland ;
|a New York, N.Y., U.S.A. :
|b Sole distributors for the U.S.A. and Canada, Elsevier Science Pub. Co.,
|c 1989.
|
| 300 |
|
|
|a 1 online resource (xvi, 947 pages) :
|b illustrations.
|
| 336 |
|
|
|a text
|b txt
|2 rdacontent
|
| 337 |
|
|
|a computer
|b c
|2 rdamedia
|
| 338 |
|
|
|a online resource
|b cr
|2 rdacarrier
|
| 504 |
|
|
|a Includes bibliographical references.
|
| 505 |
0 |
|
|a v. 1. pt. 1. Determinants of firm and market organization. Technological determinants of firm and industry structure / John C. Panzar -- The theory of the firm / Bengt R. Holmstrom and Jean Tirole -- Transaction cost economics / Oliver E. Williamson -- Vertical integration : determinants and effects / Martin K. Perry -- pt. 2. Analysis of market behavior. Noncooperative game theory for industrial organization : an introduction and overview / Drew Fudenberg and Jean Tirole -- Theories of oligopoly behavior / Carl Shapiro -- Cartels, collusion, and horizontal merger / Alexia Jacquemin and Margaret E. Slade -- Mobility barriers and the value of incumbency / Richard J. Gilbert -- Predation, monopolization, and antitrust / Janusz A. Ordover and Garth Saloner -- Price discrimination Hal R. Varian -- Vertical contractual relations / Michael L. Katz -- Product differentiation / B. Curtis Eaton and Richard G. Lipsey -- Imperfect information in the product market / Joseph E. Stiglitz -- The timing of innovation : research, development, and diffusion / Jennifer F. Reinganum -- The theory and the facts of how markets clear : is industrial organization valuable for understanding macroeconomics? / Dennis W. Carlton.
|
| 650 |
|
0 |
|a Industrial organization (Economic theory)
|v Handbooks, manuals, etc.
|
| 650 |
|
6 |
|a Économie industrielle
|x Guides, manuels, etc.
|
| 650 |
|
7 |
|a Industrial organization (Economic theory)
|2 fast
|0 (OCoLC)fst00971428
|
| 650 |
1 |
7 |
|a Industriële organisatie.
|2 gtt
|
| 650 |
|
7 |
|a Economie industrielle.
|2 ram
|
| 655 |
|
4 |
|a Electronic books.
|
| 655 |
|
7 |
|a Handbooks and manuals.
|2 fast
|0 (OCoLC)fst01423877
|
| 700 |
1 |
|
|a Schmalensee, Richard.
|
| 700 |
1 |
|
|a Willig, Robert D.,
|d 1947-
|
| 856 |
4 |
0 |
|u https://www.sciencedirect.com/science/handbooks/1573448X/1
|z Full Text via HEAL-Link
|